000 00442pab a2200157 454500
008 180718b2006 xxu||||| |||| 00| 0 eng d
100 _aRhodes, frank H.T.
245 _aInvestment in knowledge: a case study of a Philanthropy's partnership with government
260 _c2006
300 _ap.63-84.
650 _aUniversities - Ireland
650 _aUniversities
700 _aHealy, John R.
773 _aAdministration
909 _a71587
999 _c71587
_d71587